[Event "Werner-Ott-Open Kreuzberger Sommer 2018"]
[Site "Berlin"]
[Date "2018.07.07"]
[Round "8.10"]
[White "Krueger, Robin Kevin"]
[Black "Sommaro, Katja"]
[Result "1/2-1/2"]
[WhiteElo "1942"]
[BlackElo "2087"]
[Annotator "Lange,A1&BB_R_640941"]
[PlyCount "57"]
[EventDate "2018.06.30"]
[EventType "swiss"]
[EventRounds "9"]
[EventCountry "GER"]
[SourceTitle "WOOKS_2018_R8"]
[Source "Andreas Lange"]
[SourceDate "2018.07.07"]
[SourceVersion "1"]
[SourceVersionDate "2018.07.07"]
[SourceQuality "1"]
[WhiteTeam "MTV Tostedt"]
[BlackTeam "SV Berolina Mitte"]
[WhiteTeamCountry "GER"]
[BlackTeamCountry "GER"]

{B06: Moderne Verteidigung} 1. e4 g6 2. d4 Bg7 3. Nf3 d6 4. Bc4 Nf6 5. Qe2 O-O
6. e5 Ne8 7. Nbd2 (7. O-O c5 8. dxc5 dxe5 9. Nxe5 Qd4 10. Nf3 Qxc5 11. Be3 Qc7
12. Nc3 Nd6 13. Bb3 Bg4 14. Nd5 Qd7 15. Bg5 Nc6 16. Nxe7+ Kh8 17. Nxc6 Qxc6 18.
Qd3 Bxb2 19. Rab1 Bxf3 20. gxf3 Bg7 21. Be7 Nf5 {Namyslo,H (2226)-Buchal,S 
(2309), Berlin, DSenEM 2017 Gruppe A, ½-½ (31)}) 7... c6 $146 (7... c5 8.
dxc5 d5 9. Bd3 Qc7 10. O-O Nd7 11. Re1 Nxc5 12. h3 Bd7 13. Nb3 b6 14. Bg5 Bc6
15. Nbd4 Bb7 16. Qe3 Ne4 17. Bf4 e6 18. c3 Nc5 19. Bc2 Qd7 20. Rad1 Nc7 21. Nh2
f5 22. exf6 {Popovic,P (2496)-Thiede,L (2450), 1. Bundesliga 2009/10, Berlin
2010, 1-0 (83)}) 8. O-O Bf5 9. c3 dxe5 10. Nxe5 Nd6 11. Bb3 Qc8 12. Ndf3 Be6
13. Re1 Bxb3 14. axb3 Na6 15. b4 Re8 16. Bf4 Nc7 17. Nd3 a6 18. h3 Ne6 19. Bh2
Qb8 20. Nc5 Nxc5 21. dxc5 Nb5 22. Rad1 Qc8 23. Ne5 Rd8 24. Nc4 Rxd1 25. Rxd1
Qe8 26. Qd2 e5 27. Na5 Rb8 28. Qd7 Kf8 29. c4 1/2-1/2

[Event "Werner-Ott-Open Kreuzberger Sommer 2018"]
[Site "Berlin"]
[Date "2018.07.07"]
[Round "8.11"]
[White "Zschaebitz, Klaus"]
[Black "Weber, Erwin"]
[Result "0-1"]
[WhiteElo "2082"]
[BlackElo "1982"]
[Annotator "Lange,A1&BB_R_640941"]
[PlyCount "52"]
[EventDate "2018.06.30"]
[EventType "swiss"]
[EventRounds "9"]
[EventCountry "GER"]
[SourceTitle "WOOKS_2018_R8"]
[Source "Andreas Lange"]
[SourceDate "2018.07.07"]
[SourceVersion "1"]
[SourceVersionDate "2018.07.07"]
[SourceQuality "1"]
[WhiteTeam "BSG 1827 Eckbauer"]
[BlackTeam "SC Weisse Dame"]
[WhiteTeamCountry "GER"]
[BlackTeamCountry "GER"]

{A10: Abarten von Holländisch, Damenindisch, Königsindisch (ohne d2-d4)} 1. c4
f5 2. g3 Nf6 3. Bg2 g6 4. Nc3 Bg7 5. d3 O-O 6. e4 fxe4 7. dxe4 d6 8. Nge2 c5 9.
O-O Nc6 10. f4 $146 (10. h3 e5 11. Be3 Be6 12. Nd5 Qd7 13. Kh2 Nd4 14. Qd2 Rf7
15. f4 {Steinhagen,B (2324)-Jaster,R (2335), 2. Bundesliga Nord 2010/11,
Rostock 2011, 0-1 (58)}) (10. Rb1 e5 11. Nd5 Be6 12. Bg5 Qd7 13. Qd2 Nd4 14.
Nxd4 cxd4 15. f4 {Polatel,A (2211)-Weber,E (1953), Berlin, WOOKS 2017, 1-0 (41)
}) (10. Nd5 Ng4 11. f3 {Poldauf,D (2404)-Loebler,H (2216), Rethymnon, ECC Open
2003 ½-½}) (10. b3 Ne8 11. Be3 Nc7 12. Qd2 Ne6 13. Bh6 Ned4 14. Bxg7 Kxg7 15.
f3 {Buttkus,A (2045)-Rietze,C (2279), Berlin, Lichtenrader Herbst 2015, 0-1 
(32)}) 10... Be6 11. Nd5 Qd7 12. Qd3 Bh3 13. Ne3 Bxg2 14. Kxg2 Nb4 15. Qb1 e6
16. a3 Nc6 17. Qd3 Rad8 18. Bd2 Qc7 19. Bc3 b6 20. Rae1 Qb7 21. Nd1 Ne7 22. Nf2
d5 23. exd5 exd5 24. Qf3 Ne4 25. Rd1 Ng5 26. Qg4 d4+ 0-1

[Event "Werner-Ott-Open Kreuzberger Sommer 2018"]
[Site "Berlin"]
[Date "2018.07.07"]
[Round "8.12"]
[White "Schulz, Hartmut"]
[Black "Jaeger, Andre"]
[Result "1/2-1/2"]
[WhiteElo "2080"]
[BlackElo "1922"]
[Annotator "Lange,A1&BB_R_640941"]
[PlyCount "32"]
[EventDate "2018.06.30"]
[EventType "swiss"]
[EventRounds "9"]
[EventCountry "GER"]
[SourceTitle "WOOKS_2018_R8"]
[Source "Andreas Lange"]
[SourceDate "2018.07.07"]
[SourceVersion "1"]
[SourceVersionDate "2018.07.07"]
[SourceQuality "1"]
[WhiteTeam "SC Rochade"]
[BlackTeam "SC Rochade"]
[WhiteTeamCountry "GER"]
[BlackTeamCountry "GER"]

{E67: Königsindisch (Hauptvariante des g3-Systems ohne e2-e4)} 1. d4 g6 2. Nf3
Bg7 {(=)} 3. g3 Nf6 4. Bg2 O-O 5. O-O d6 6. c4 Nbd7 7. Nc3 e5 8. Qc2 Re8 9. Rd1
c6 10. dxe5 dxe5 11. e4 $146 Qc7 12. h3 a5 (12... Nc5 13. b4 Ne6 14. Be3 Bf8 {
0-1 (66) Luther,J (2153)-Hargens,T (2248), 2. Bundesliga Nord 1991/92,
Deutschland 1992}) (12... Nf8 13. Be3 b6 14. c5 b5 {0-1 (39) Severin,A (1780)
-Sabrowski,U (2082), Berlin, Lichtenberger Sommer 2002}) (12... h6 13. Be3 {
1-0 (60) Hoefener,J (1534)-Scheumann,J (1305), Berlin, Offene BSenEM 2011}) 13.
Be3 b5 14. cxb5 cxb5 15. Rac1 Ba6 16. Qb1 Qb7 1/2-1/2

[Event "Werner-Ott-Open Kreuzberger Sommer 2018"]
[Site "Berlin"]
[Date "2018.07.07"]
[Round "8.14"]
[White "Thaer, Abdulkadhim Ismaeel"]
[Black "Gebigke, Martin"]
[Result "0-1"]
[WhiteElo "1952"]
[BlackElo "2050"]
[Annotator "Lange,A1&BB_R_640941"]
[PlyCount "168"]
[EventDate "2018.06.30"]
[EventType "swiss"]
[EventRounds "9"]
[EventCountry "GER"]
[SourceTitle "WOOKS_2018_R8"]
[Source "Andreas Lange"]
[SourceDate "2018.07.07"]
[SourceVersion "1"]
[SourceVersionDate "2018.07.07"]
[SourceQuality "1"]
[WhiteTeam "SC Zugzwang 95"]
[BlackTeam "SC Kreuzberg"]
[WhiteTeamCountry "GER"]
[BlackTeamCountry "GER"]

{A13: Reti-Eröffnung} 1. Nf3 Nf6 2. c4 e6 3. g3 d5 4. Bg2 d4 5. O-O c5 6. e3
Nc6 7. exd4 cxd4 8. d3 h6 9. Re1 Bd6 10. Na3 O-O 11. b3 (11. Nc2 e5 12. b4 Re8
13. c5 Bc7 14. b5 Nb8 15. Na3 Nbd7 16. Qc2 Nf8 17. Bd2 Ng6 18. Nc4 Bf5 19. Qb3
Be6 20. a4 Bd5 21. Bb4 Qd7 22. Rac1 Nh5 23. Nfd2 Nhf4 24. gxf4 Bxg2 25. Kxg2
Nh4+ {Medvegy,Z (2510)-Lauber,A (2449), 1. Bundesliga 2014/15, Eppingen 2014
1-0 (41)}) 11... e5 12. Qc2 Bf5 13. c5 Bc7 14. Bd2 Re8 15. Nb5 Bb8 16. Nh4 Bh7
17. Rad1 g5 18. Nf3 e4 19. dxe4 Nxe4 20. Qb2 d3 21. Bc3 Nxc3 22. Rxe8+ Qxe8 23.
Qxc3 Qd7 24. h3 Be4 25. Na3 Bc7 26. Nc4 Rd8 27. Ncd2 Bf5 28. b4 a6 29. a3 Re8
30. g4 Bg6 31. Nc4 Bf4 32. Re1 Re6 33. Rxe6 Qxe6 34. a4 Qe2 35. b5 axb5 36.
axb5 Ne7 37. Ncd2 Qd1+ 38. Nf1 Qe2 39. c6 bxc6 40. bxc6 Qc2 41. Qa5 Nxc6 42.
Qa8+ Nb8 43. Qd5 Qc3 44. Qa8 Kh7 45. N3d2 Bxd2 46. Qxb8 Bf4 47. Qb7 Qe1 48. Qb3
Qe2 49. Qd5 Qe5 50. Qxe5 Bxe5 51. Ne3 Bf4 52. Nf5 h5 53. Be4 d2 54. Bc2 Kh8 55.
Kf1 Bxf5 56. gxf5 Kg7 57. Bd1 Kh6 58. Ke2 g4 59. hxg4 h4 60. Kf3 Kg5 61. Kg2
Kf6 62. Kh3 Kg5 63. Be2 Be5 64. Bd1 Bf6 65. Be2 Kf4 66. Bd1 Bg5 67. Be2 f6 68.
Bd1 Ke4 69. Kg2 Kd3 70. Kf3 Kc3 71. Ke4 Kb2 72. f4 h3 73. fxg5 Kc1 74. gxf6
Kxd1 75. f7 h2 76. f8=Q h1=Q+ 77. Kf4 Qh2+ 78. Kg5 Qe5 79. Qa8 Ke2 80. Qg2+ Kd3
81. Qf1+ Qe2 82. Qb1+ Ke3 83. Qb6+ Kf3 84. Qc6+ Kf2 0-1

[Event "Werner-Ott-Open Kreuzberger Sommer 2018"]
[Site "Berlin"]
[Date "2018.07.07"]
[Round "8.15"]
[White "Jeremic, Dusan"]
[Black "Grassi, Fabrizio"]
[Result "1-0"]
[WhiteElo "2179"]
[BlackElo "1872"]
[Annotator "Lange,A1&BB_R_640941"]
[PlyCount "89"]
[EventDate "2018.06.30"]
[EventType "swiss"]
[EventRounds "9"]
[EventCountry "GER"]
[SourceTitle "WOOKS_2018_R8"]
[Source "Andreas Lange"]
[SourceDate "2018.07.07"]
[SourceVersion "1"]
[SourceVersionDate "2018.07.07"]
[SourceQuality "1"]
[WhiteTeam "SF Berlin 1903"]
[BlackTeam "SV Berlin-Friedrichstadt"]
[WhiteTeamCountry "GER"]
[BlackTeamCountry "GER"]

{B01: Skandinavische Verteidigung} 1. e4 d5 2. exd5 Nf6 3. d4 Nxd5 4. Nf3 Bg4
5. Be2 e6 6. O-O Nc6 7. Re1 (7. h3 Bh5 8. Re1 Be7 9. Nbd2 Nf4 10. Bb5 O-O 11.
Bxc6 bxc6 12. Ne4 Nd5 13. c3 h6 14. Qd3 Nf6 15. Ne5 c5 16. Nc6 Qd7 17. Nxe7+
Qxe7 18. Nxc5 Bg6 19. Qg3 Rfd8 20. Bf4 Rac8 21. Nxe6 Re8 22. Bd2 Ne4 23. Rxe4 {
1-0 (23) Schnitzer,P (2196)-Buchholz,R (1983), Berlin 2006, VI. DBMM Schach})
7... Be7 8. c4 Nb6 9. Be3 Bxf3 10. Bxf3 Nxc4 11. Qa4 Nb6 12. Bxc6+ bxc6 13.
Qxc6+ Qd7 14. Qf3 O-O 15. Nc3 Nc4 16. Re2 Rab8 17. b3 Nxe3 18. fxe3 c5 19. d5
Bf6 20. Rc1 Bxc3 21. Rxc3 exd5 22. Rd2 Rbc8 23. Qxd5 Qe7 24. e4 Rfd8 25. Rxc5
h6 26. Rxc8 Rxc8 27. g3 Rc1+ 28. Kg2 Qb4 29. Rf2 Qe7 30. h4 Re1 31. Kf3 Qf6+
32. Qf5 Qe7 33. Qc8+ Kh7 34. Qc4 Qf6+ 35. Kg2 Qa1 36. Qxf7 Rg1+ 37. Kh3 Rh1+
38. Kg4 Qd1+ 39. Qf3 h5+ 40. Kxh5 g6+ 41. Kg5 Qc1+ 42. Qf4 Qc5+ 43. e5 Rf1 44.
Qf7+ Kh8 45. Kh6 1-0

[Event "Werner-Ott-Open Kreuzberger Sommer 2018"]
[Site "Berlin"]
[Date "2018.07.07"]
[Round "8.16"]
[White "Plaza Reino, Agustin"]
[Black "Schulz, Olaf"]
[Result "0-1"]
[WhiteElo "1923"]
[BlackElo "2019"]
[Annotator "Lange,A1&BB_R_640941"]
[PlyCount "76"]
[EventDate "2018.06.30"]
[EventType "swiss"]
[EventRounds "9"]
[EventCountry "GER"]
[SourceTitle "WOOKS_2018_R8"]
[Source "Andreas Lange"]
[SourceDate "2018.07.07"]
[SourceVersion "1"]
[SourceVersionDate "2018.07.07"]
[SourceQuality "1"]
[WhiteTeam "Enniscorthy CC"]
[BlackTeam "vereinslos"]
[WhiteTeamCountry "IRL"]

{B18: Caro-Kann (Hauptvariante)} 1. e4 c6 2. d4 d5 3. Nc3 dxe4 4. Nxe4 Bf5 5.
Ng3 Bg6 6. Nf3 e6 7. Ne5 Nf6 8. Be3 Qa5+ $146 (8... Nbd7 9. Nc4 Nb6 10. Ne5
Nbd5 11. Bg5 Bb4+ 12. Bd2 Ne4 13. Bxb4 Nxg3 14. hxg3 Nxb4 15. Nxg6 fxg6 16. c3
Nd5 17. Qg4 Qf6 18. O-O-O h5 19. Qe4 O-O-O 20. f3 Rde8 21. Bd3 g5 22. Qg6 h4
23. Rh3 {Herrmann,E (1876)-Knaut,J (1613), Berlin, Lichtenberger Sommer 2011,
0-1 (54)}) 9. Qd2 Qxd2+ 10. Kxd2 Nd5 11. c3 Bd6 12. Nxg6 hxg6 13. Ne4 Be7 14.
Be2 Nd7 15. h3 f5 16. Ng5 f4 17. Nxe6 fxe3+ 18. fxe3 Kf7 19. Bg4 N7f6 20. Raf1
Kg8 21. Bf3 Rh4 22. Kd3 Bd6 23. c4 Nxe3 24. Kxe3 Re8 25. d5 Rxc4 26. Kd3 cxd5
27. Re1 Re4 28. Bxe4 dxe4+ 29. Kc4 Rxe6 30. g4 g5 31. Rhf1 Bf4 32. Re2 Rc6+ 33.
Kd4 Rd6+ 34. Kc3 e3 35. h4 Ne4+ 36. Kc2 Ng3 37. Rd1 Nxe2 38. Rxd6 Bxd6 0-1

[Event "Werner-Ott-Open Kreuzberger Sommer 2018"]
[Site "Berlin"]
[Date "2018.07.07"]
[Round "8.17"]
[White "Sondermann, Jonathan"]
[Black "Werner, Dimo"]
[Result "1/2-1/2"]
[WhiteElo "1659"]
[BlackElo "2012"]
[Annotator "Lange,A1&BB_R_640941"]
[PlyCount "49"]
[EventDate "2018.06.30"]
[EventType "swiss"]
[EventRounds "9"]
[EventCountry "GER"]
[SourceTitle "WOOKS_2018_R8"]
[Source "Andreas Lange"]
[SourceDate "2018.07.07"]
[SourceVersion "1"]
[SourceVersionDate "2018.07.07"]
[SourceQuality "1"]
[WhiteTeam "SC Borussia Lichtenberg"]
[BlackTeam "TSV Schott Mainz"]
[WhiteTeamCountry "GER"]
[BlackTeamCountry "GER"]

{A11: Reti-Eröffnung} 1. Nf3 d5 2. c4 c6 3. e3 Nf6 4. Nc3 g6 5. Be2 Bg7 6. O-O
O-O 7. b3 Ne4 $146 (7... Nbd7 8. Bb2 a6 9. Rc1 b5 10. Nd4 Bb7 11. cxd5 cxd5 12.
f4 Qb6 13. Qe1 Nc5 14. Nf3 Rac8 15. Qh4 b4 16. Na4 Nxa4 17. bxa4 Rxc1 18. Rxc1
Rc8 19. Rb1 a5 20. Bd4 Qc6 21. Bd1 Ba6 22. Bb3 {Meyer,H-Stippekohl,P, 2.
Bundesliga Nord 1987/88, Deutschland 1987 ½-½ (53)}) 8. Bb2 dxc4 9. Bxc4 Bg4
10. d4 Bxf3 11. gxf3 Nd6 12. Be2 Nd7 13. Kh1 Nf6 14. f4 Nde4 15. Bf3 Nxc3 16.
Bxc3 Nd5 17. Bb2 e6 18. Rc1 Qh4 19. Qe2 Bh6 20. Rg1 Nxf4 21. exf4 Bxf4 22. Rg2
Bxc1 23. Bxc1 Rad8 24. Bg5 Qxd4 25. Bxd8 1/2-1/2

[Event "Werner-Ott-Open Kreuzberger Sommer 2018"]
[Site "Berlin"]
[Date "2018.07.07"]
[Round "8.18"]
[White "Heerde, Thomas"]
[Black "Rouditser, Benjamin"]
[Result "1-0"]
[WhiteElo "2010"]
[BlackElo "1739"]
[Annotator "Lange,A1&BB_R_640941"]
[PlyCount "59"]
[EventDate "2018.06.30"]
[EventType "swiss"]
[EventRounds "9"]
[EventCountry "GER"]
[SourceTitle "WOOKS_2018_R8"]
[Source "Andreas Lange"]
[SourceDate "2018.07.07"]
[SourceVersion "1"]
[SourceVersionDate "2018.07.07"]
[SourceQuality "1"]
[WhiteTeam "SC Weisse Dame"]
[BlackTeam "SVg Lasker Steglitz-Wilmersdorf"]
[WhiteTeamCountry "GER"]
[BlackTeamCountry "GER"]

{A07: Barcza-System (Königsfianchetto mit möglichen Übergängen in andere
Systeme)} 1. g3 d5 2. Bg2 Nf6 3. Nf3 Bg4 4. d3 Nbd7 5. Nbd2 e5 6. O-O $146 (6.
h3 Bxf3 7. Nxf3 c6 8. O-O Qc7 9. Rb1 Be7 10. b4 O-O 11. c4 a5 12. a3 axb4 13.
axb4 Ra2 14. Bb2 Rfa8 15. Qc1 Bxb4 16. cxd5 Nxd5 17. e4 Ne7 18. Qc4 R2a4 19.
Ng5 Rf8 20. Ra1 b5 {Steinert,M (2215)-Van Son,L, 2. Bundesliga Nord 1995/96,
Deutschland 1996, 0-1 (43)}) 6... Bd6 7. h3 Bh5 8. Nh4 Bg6 9. e4 dxe4 10. dxe4
Nc5 11. Qe2 Qd7 12. Rd1 Qc6 13. Kh2 O-O-O 14. f3 Ne6 15. Nb3 Nd7 16. Nf5 Ndc5
17. Rxd6 Rxd6 18. Ne7+ Kb8 19. Nxc6+ Rxc6 20. Nxc5 Rxc5 21. Be3 Rc6 22. Rd1 f5
23. Rd5 f4 24. gxf4 exf4 25. Bf2 Bf7 26. Rd7 Rf8 27. Qd2 Kc8 28. c3 g5 29. Bf1
h5 30. Bb5 1-0

[Event "Werner-Ott-Open Kreuzberger Sommer 2018"]
[Site "Berlin"]
[Date "2018.07.08"]
[Round "9.1"]
[White "Stern, Rene"]
[Black "Radovanovic, Jovica"]
[Result "1-0"]
[WhiteElo "2510"]
[BlackElo "2311"]
[Annotator "Lange,A1&BB_R_640941"]
[PlyCount "76"]
[EventDate "2018.06.30"]
[EventType "swiss"]
[EventRounds "9"]
[EventCountry "GER"]
[SourceTitle "WOOKS_2018_R9"]
[Source "Andreas Lange"]
[SourceDate "2018.07.08"]
[SourceVersion "1"]
[SourceVersionDate "2018.07.08"]
[SourceQuality "1"]
[WhiteTeam "SK Koenig Tegel 1949"]
[BlackTeam "vereinslos"]
[WhiteTeamCountry "GER"]

{E91: Königsindisch (Klassisches System)} 1. Nf3 c5 2. c4 Nc6 3. Nc3 Nd4 $146
4. Ng1 $5 g6 {(=)} (4... Nc6 5. e3 e5 {½-½ (82) Kalinitschew,S (2496)-Von
Herman,U (2404), Berlin, Kreuzberg Open 2003}) 5. e3 Nc6 6. Nf3 Bg7 7. d4 Nf6
8. d5 Na5 9. e4 d6 10. h3 O-O 11. Bd3 a6 (11... e6 12. O-O exd5 13. exd5 a6 {
Roiz,M (2600)-Bauer,C (2623), Berlin, Meierei Bolle, Blitz WM 2015 1-0 (34)})
12. O-O e6 13. a4 e5 14. Kh2 Nh5 15. g3 f5 16. exf5 gxf5 17. Nh4 Nf4 18. Bxf4
exf4 19. Qc2 Qg5 20. Ne2 Be5 21. Nf3 Qf6 22. gxf4 Bxb2 23. Ra2 Bd4 24. Nexd4
cxd4 25. Qb2 b6 26. Qxb6 Nb7 27. Rg1+ Kh8 28. Qxd4 Nc5 29. Qxf6+ Rxf6 30. Bc2
Rb8 31. Rb1 Rxb1 32. Bxb1 Rf7 33. Nd4 Kg7 34. a5 Kg6 35. Rb2 Rb7 36. Rxb7 Nxb7
37. Nc6 Nc5 38. Bc2 Bd7 {Rest unleserlich (73)} 1-0

[Event "Werner-Ott-Open Kreuzberger Sommer 2018"]
[Site "Berlin"]
[Date "2018.07.08"]
[Round "9.2"]
[White "Ahmadinia, Ebrahim"]
[Black "Malek, Daniel"]
[Result "1/2-1/2"]
[WhiteElo "2415"]
[BlackElo "2383"]
[Annotator "Lange,A1&BB_R_640941"]
[PlyCount "146"]
[EventDate "2018.06.30"]
[EventType "swiss"]
[EventRounds "9"]
[EventCountry "GER"]
[SourceTitle "WOOKS_2018_R9"]
[Source "Andreas Lange"]
[SourceDate "2018.07.08"]
[SourceVersion "1"]
[SourceVersionDate "2018.07.08"]
[SourceQuality "1"]
[WhiteTeam "SF Berlin 1903"]
[BlackTeam "SK Zehlendorf"]
[WhiteTeamCountry "GER"]
[BlackTeamCountry "GER"]

{C24: Läuferspiel} 1. e4 e5 2. Bc4 Nf6 3. d3 c6 4. Nf3 d5 5. Bb3 a5 6. a3 (6.
c3 {Hoffmann,P (2396)-Buckels,V (2340), Berlin, 1. Bundesliga 2017/18, 2018,
0-1 (48): 0-1 (48)}) 6... a4 $146 (6... Bd6 7. Nc3 dxe4 8. Ng5 O-O 9. Ncxe4
Nxe4 10. Nxe4 Bf5 11. Qf3 Bxe4 12. dxe4 Nd7 13. O-O Nc5 14. Ba2 Qf6 15. Qxf6
gxf6 16. Re1 Rfd8 17. Be3 Rd7 18. f3 Ne6 19. Rad1 Rad8 20. Kf1 Be7 21. Rxd7 {
Rabiega,R (2506)-Cuenca Jiménez,J (2473), Hamburg, 2. Bundesliga Nord 2014/15,
2014 ½-½ (37)}) 7. Ba2 Bd6 8. O-O O-O 9. Bg5 dxe4 10. dxe4 h6 11. Bh4 Qe7 12.
Nbd2 Bc7 13. Qe2 Be6 14. Bxe6 Qxe6 15. Ne1 Nbd7 16. Nd3 b5 17. Rac1 Ba5 18.
Rfd1 Rfb8 19. Nf1 Bb6 20. Qf3 g6 21. Ne3 Kg7 22. Rd2 Re8 23. Rcd1 Nc5 24. Nxc5
Bxc5 25. Bxf6+ {(=)} Qxf6 26. Qxf6+ Kxf6 27. Rd7 Ke6 28. c3 Re7 29. R7d2 Raa7
30. Kf1 h5 31. Rd8 Rad7 32. R1xd7 Rxd7 33. Re8+ Re7 34. Rd8 Bxe3 35. fxe3 Rd7
36. Rc8 Rd2 37. Rxc6+ Kd7 38. Rc5 Rxb2 39. Rxe5 Kd6 40. Re8 Rc2 41. Rd8+ Kc5
42. Rc8+ Kd6 43. Rd8+ Ke6 44. Re8+ Kf6 45. Rb8 Rxc3 46. Ke2 Rb3 47. Kf3 g5 48.
h3 Ke6 49. Rb6+ Ke5 50. g4 h4 51. Rc6 f6 52. Rb6 Rb2 53. Rc6 Rh2 54. Rc5+ Ke6
55. e5 Rxh3+ 56. Ke4 fxe5 57. Rxe5+ Kf6 58. Rxb5 Rg3 59. Rb6+ Ke7 60. Kf5 Rxe3
61. Kxg5 h3 62. Rb2 Rxa3 63. Kf4 Rb3 64. Ra2 a3 65. g5 Ke6 66. Kg4 Kf7 67. Rc2
Ke6 68. Ra2 Ke5 69. Re2+ Kd4 70. Rh2 Rb1 71. Kxh3 Rg1 72. Ra2 Rxg5 73. Rxa3 Rg8
1/2-1/2

[Event "Werner-Ott-Open Kreuzberger Sommer 2018"]
[Site "Berlin"]
[Date "2018.07.08"]
[Round "9.3"]
[White "Kohler, Thomas"]
[Black "Hacker, Jonas"]
[Result "1/2-1/2"]
[WhiteElo "2147"]
[BlackElo "2291"]
[Annotator "Lange,A1&BB_R_640941"]
[PlyCount "182"]
[EventDate "2018.06.30"]
[EventType "swiss"]
[EventRounds "9"]
[EventCountry "GER"]
[SourceTitle "WOOKS_2018_R9"]
[Source "Andreas Lange"]
[SourceDate "2018.07.08"]
[SourceVersion "1"]
[SourceVersionDate "2018.07.08"]
[SourceQuality "1"]
[WhiteTeam "SC Zitadelle Spandau 1977"]
[BlackTeam "SC Eppingen"]
[WhiteTeamCountry "GER"]
[BlackTeamCountry "GER"]

{D02: Damenbauernspiele} 1. Nf3 d5 2. g3 c6 3. Bg2 Bg4 4. O-O Nd7 5. d4 Ngf6 6.
Nbd2 e6 7. Re1 Bd6 $146 (7... Qb6 8. c3 c5 9. e4 cxd4 10. exd5 dxc3 11. Nc4 Qc5
12. dxe6 Bxe6 13. b3 Ng4 14. Nd4 c2 15. Qxg4 Be7 16. Nxe6 fxe6 17. Ba3 {
1-0 (17) Urban,J (2235)-Tseitlin,M (2465), Berliner Sommer 1994}) 8. e4 Nxe4 9.
Nxe4 dxe4 10. Rxe4 Nf6 11. Re1 O-O 12. c3 {(=)} h6 13. Qb3 Qb6 14. Ne5 Bf5 15.
Nc4 Qxb3 16. axb3 Bc7 17. Na5 Rab8 18. b4 a6 19. Nb3 Nd7 20. Be3 Bd6 21. Na5
Rfc8 22. Nc4 Bc7 23. Na5 Bd6 24. Nc4 Bc7 25. Na5 Nf6 26. Nb3 Bd6 27. Nc5 Kh7
28. Bd2 Rc7 29. Bf1 g5 30. f3 Rg8 31. Ne4 Be7 32. Nf2 Bd6 33. Ne4 Be7 34. Nf2
h5 35. Nd3 Bd6 36. Ne5 Bf8 37. h3 g4 38. hxg4 hxg4 39. fxg4 Nxg4 40. Nxg4 Rxg4
41. Bf4 Rd7 42. Be2 Rg7 43. Kf2 Kg8 44. Be5 Rh7 45. g4 Bg6 46. Rh1 Bg7 47. Rxh7
Bxh7 48. Bxg7 Kxg7 49. Ke3 Kf6 50. Kf4 Bg6 51. g5+ Kg7 52. Bf3 Bc2 53. Rh1 Rd8
54. Rh2 Bd3 55. Rh3 Bf5 56. Rh1 Rg8 57. Re1 Kf8 58. Rh1 Ke7 59. Re1 Kd6 60. Ra1
Bd3 61. Rh1 Ke7 62. Rh3 Bf5 63. Rh1 Kd6 64. Ra1 Bg6 65. Rh1 Re8 66. Re1 Bc2 67.
Rc1 Bd3 68. Rd1 Bf5 69. Bh5 Rh8 70. Rh1 Bg6 71. Bf3 Ra8 72. Ra1 Rd8 73. Bg2 Ke7
74. Rh1 Bd3 75. Rh3 Bb1 76. Rh1 Bc2 77. Rc1 Bb3 78. Rg1 Bc2 79. Bf3 Bg6 80. Rh1
Rb8 81. Ra1 Rf8 82. Rg1 Bc2 83. Rh1 Rd8 84. Rh2 Bd3 85. Rh3 Rg8 86. Rh1 Rd8 87.
Ke3 Bc2 88. Kf4 Ra8 89. Ra1 Ra7 90. Ke5 Bg6 91. Bg2 Bd3 1/2-1/2

[Event "Werner-Ott-Open Kreuzberger Sommer 2018"]
[Site "Berlin"]
[Date "2018.07.08"]
[Round "9.4"]
[White "Wierzbicki, Jirawat"]
[Black "Bui, Bao Anh Le"]
[Result "1/2-1/2"]
[WhiteElo "2161"]
[BlackElo "1883"]
[Annotator "Lange,A1&BB_R_640941"]
[PlyCount "117"]
[EventDate "2018.06.30"]
[EventType "swiss"]
[EventRounds "9"]
[EventCountry "GER"]
[SourceTitle "WOOKS_2018_R9"]
[Source "Andreas Lange"]
[SourceDate "2018.07.08"]
[SourceVersion "1"]
[SourceVersionDate "2018.07.08"]
[SourceQuality "1"]
[WhiteTeam "SK Koenig Tegel 1949"]
[BlackTeam "SV Mattnetz Berlin"]
[WhiteTeamCountry "GER"]
[BlackTeamCountry "GER"]

{B22: Sizilianisch (Alapin 2.c3)} 1. e4 c5 2. c3 d5 3. exd5 Qxd5 4. d4 Nc6 5.
Nf3 Bf5 6. Be3 cxd4 7. cxd4 Bxb1 8. Qxb1 e5 9. dxe5 Bb4+ 10. Bd2 $146 (10. Nd2
Rd8 11. Qc2 Nge7 12. Bc4 Bxd2+ 13. Bxd2 Qxe5+ 14. Be3 Nd4 15. Qc3 b5 16. Bb3
O-O 17. Bd1 b4 18. Qxb4 Qe4 19. Kf1 Nef5 20. Qc3 Rfe8 21. Ba4 Rc8 22. Qd2 Red8
23. Rd1 Ne6 24. Qa5 Rxd1+ {Holze,G-Ambelang,H, Regionalliga Nord Staffel Sued
1990/91, 1990 0-1}) 10... Bxd2+ 11. Nxd2 Qxe5+ 12. Qe4 Qxe4+ 13. Nxe4 O-O-O 14.
Be2 Nd4 15. Bd3 Nf3+ 16. gxf3 Rxd3 17. Ke2 Rd8 18. Rhd1 Nh6 {(=)} 19. Rac1+ Kb8
20. Nc5 Rhe8+ 21. Kf1 Rxd1+ 22. Rxd1 Nf5 23. Rd5 g6 24. Nd7+ Kc7 25. Nf6 Rd8
26. Rxd8 Kxd8 27. Nxh7 Nd4 28. Kg2 Ne2 29. Ng5 Ke7 30. Ne4 Nc1 31. Nc3 Nd3 32.
b3 a6 33. Kf1 Nf4 34. Ke1 f5 35. Kd2 Kd6 36. Ke3 Ng2+ 37. Kd3 Nf4+ {(=)} 38.
Ke3 Ng2+ 39. Kd4 Nf4 40. Na4 Ne6+ 41. Ke3 b5 42. Nb2 g5 43. Nd3 Nc7 44. f4 Nd5+
45. Kf3 g4+ 46. Kg3 Nc3 47. a3 Ne4+ 48. Kg2 a5 49. f3 gxf3+ 50. Kxf3 Nd2+ 51.
Ke3 Nf1+ {(=)} 52. Kd4 Nxh2 53. a4 bxa4 54. bxa4 Nf3+ 55. Kc4 Kc6 56. Nc1 Nh4
57. Nb3 Ng6 58. Nd4+ Kb6 59. Nxf5 1/2-1/2

[Event "Werner-Ott-Open Kreuzberger Sommer 2018"]
[Site "Berlin"]
[Date "2018.07.08"]
[Round "9.5"]
[White "Gebigke, Martin"]
[Black "Von Herman, Ulf"]
[Result "1/2-1/2"]
[WhiteElo "2050"]
[BlackElo "2354"]
[Annotator "Lange,A1&BB_R_640941"]
[PlyCount "21"]
[EventDate "2018.06.30"]
[EventType "swiss"]
[EventRounds "9"]
[EventCountry "GER"]
[SourceTitle "WOOKS_2018_R9"]
[Source "Andreas Lange"]
[SourceDate "2018.07.08"]
[SourceVersion "1"]
[SourceVersionDate "2018.07.08"]
[SourceQuality "1"]
[WhiteTeam "SC Kreuzberg"]
[BlackTeam "SK Koenig Tegel 1949"]
[WhiteTeamCountry "GER"]
[BlackTeamCountry "GER"]

{D36: Damengambit (Abtauschvariante)} 1. d4 Nf6 2. c4 e6 3. Nc3 d5 4. cxd5 exd5
5. Bg5 Be7 6. e3 c6 7. Bd3 Nbd7 8. Qc2 Nh5 9. Bxe7 Qxe7 10. O-O-O g6 11. Nf3 {
In Weiss-Nowack - Blauert, 2. Bundesliga 1988/89 setzte Schwarz mit 11. ...
Sb6 fort und gewann im 31. Zug.} 1/2-1/2